Taiwan no Minzoku,
Saved in:
| Main Author: | |
|---|---|
| Format: | Book |
| Language: | Japanese |
| Published: |
Tōkyō,
Iwasaki Bijutsusha,
1968.
|
| Series: | Minzoku mingei sōsho ;
31. |
| Subjects: | |
| Tags: |
Add Tag
No Tags, Be the first to tag this record!
|
| LEADER | 01031nam a2200313 4500 | ||
|---|---|---|---|
| 001 | 007719723-2 | ||
| 005 | 20024617115958.0 | ||
| 008 | 900112s1968 ja a b 000 0 jpn | ||
| 010 | |a 79801601 /J | ||
| 015 | |a Ja68-8937 | ||
| 035 | 0 | |a ocm20880729 | |
| 040 | |a DLC |c MiEM |d OCoLC |d *YNH* |d CStRLIN | ||
| 050 | 0 | |a DS895.F715 |b K6 | |
| 050 | 4 | |a DS895.F7 |b K6 | |
| 100 | 1 | |6 880-01 |a Kokubu, Naoichi, |d 1908-2005. | |
| 245 | 1 | 0 | |6 880-02 |a Taiwan no Minzoku, |c Kokubu Naoichi. |
| 260 | |6 880-03 |a Tōkyō, |b Iwasaki Bijutsusha, |c 1968. | ||
| 300 | |a 300 p. |b illus. |c 19 cm. | ||
| 490 | 1 | |6 880-04 |a Minzoku mingei sōsho ; |v 31 | |
| 504 | |a Includes bibliographical references. | ||
| 650 | 0 | |a Ethnology |z Taiwan. | |
| 880 | 1 | |6 100-01 |a 国分直一, |d 1908- | |
| 880 | 1 | 0 | |6 245-02 |a 台湾の民俗, |c 国分直一. |
| 880 | |6 260-03 |a 東京, |b 岩崎美術社, |c 1968. | ||
| 880 | 1 | |6 490-04 |a 民俗民芸双書 ; |v 31 | |
| 830 | 0 | |6 880-54 |a Minzoku mingei sōsho ; |v 31. | |
| 880 | 0 | |6 830-54 |a 民俗民芸双書 ; |v 31. | |
| 988 | |a 20021214 | ||
| 906 | |0 DLC | ||


